Ligue Pokémon (Alola) - Statistiques

Statistiques générales
  • Ce quiz a été pris 113 fois
  • Le résultat moyen est 27 sur 49
Statistiques - réponses
Hint Réponse % Correct
Alyxia (S/L) Lougaroc
97%
Euphorbe (S/L) Lougaroc
97%
Euphorbe (S/L) Félinferno
89%
Tili (US/UL) Félinferno
89%
Euphorbe (S/L) Archéduc
88%
Tili (US/UL) Archéduc
88%
Euphorbe (S/L) Oratoria
85%
Tili (US/UL) Oratoria
85%
Kahili (S/L) Bazoucan
78%
Pectorius (S/L) Crabominable
77%
Tili (US/UL) Crabominable
77%
Pectorius (S/L) Hariyama
72%
Kahili (S/L) Airmure
69%
Alyxia (S/L) Tarinorme
69%
Tili (US/UL) Raichu
68%
Margie (S/L) Trépassable
66%
Kahili (S/L) Plumeline
63%
Kahili (US/UL) Gueriaigle
57%
Euphorbe (S/L) Gueriaigle
57%
Alyxia (S/L) Grolem
55%
Euphorbe (S/L) Magnézone
55%
Molène (US/UL) Magnézone
55%
Margie (S/L) Sinistrail
52%
Molène (US/UL) Métalosse
51%
Euphorbe (S/L) Ronflex
49%
Kahili (S/L) Vaututrice
48%
Alyxia (US/UL) Armaldo
45%
Margie (S/L) Ténéfix
45%
Margie (S/L) Grodrive
43%
Alyxia (US/UL) Vacilys
43%
Pectorius (S/L) Chelours
42%
Pectorius (S/L) Colossinge
42%
Euphorbe (S/L) Feunard
42%
Tili (US/UL) Tauros
42%
Molène (US/UL) Trousselin
42%
Alyxia (US/UL) Gigalithe
40%
Molène (US/UL) Triopikeur
40%
Margie (US/UL) Branette
38%
Margie (S/L) Momartik
35%
Alyxia (S/L) Strassie
35%
Pectorius (S/L) Tartard
35%
Tili (US/UL) Aquali
34%
Kahili (US/UL) Brutalibré
34%
Tili (US/UL) Phyllali
34%
Tili (US/UL) Pyroli
34%
Alyxia (S/L) Relicanth
34%
Tili (US/UL) Bruyverne
28%
Kahili (S/L) Nostenfer
28%
Molène (US/UL) Scalproie
18%
Aucun quiz correspondant
Distribution des résultats
% des personnes avec chaque résultat
Percentile par nombre de réponses
Votre historique - résultats
Vous n’avez pas pris ce quiz